00491nam a2200193 a 4500001001300000003000900013005001700022008004100039020000900080082001600089100002400105245003200129260003400161300000900195500003500204505001600239650001800255700002400273nice12345678IN_TiNIC20260116011720.0050524s1979 dela grp 000 0 urd  ac2000a922.97bAZE aAzeem, Akhtar Viqar aShibli Ba Haisiyat Moarrikh aDelhibEteqad Pub.Housec1979 a224p aincludes index and biblioraphy2 aUrdu-Arabic aShibli Nomani1 aAzeem, Akhtar Viqar